| 000 | 00543nam a22001817a 4500 | ||
|---|---|---|---|
| 005 | 20240313154612.0 | ||
| 008 | 240313b |||||||| |||| 00| 0 eng d | ||
| 020 | _a9780143027980 | ||
| 041 | _aeng | ||
| 082 |
_a720.9 _bSAI |
||
| 100 |
_aSaid E W. _9206082 |
||
| 245 | _aOrientalism: Westeern Conceptions Of The Orient | ||
| 260 |
_aUSA _bPwnguin Books _c2001 |
||
| 300 |
_a396p _bPb _c20 x 13 |
||
| 365 |
_aINR _b499.00 _cRupaye |
||
| 500 | _aThe Scope Of Orientalism Orientalist StructureAnd Restructures Orientalism Now | ||
| 942 | _cBK | ||
| 999 |
_c357587 _d357587 |
||